MARC details
| 000 -CABECERA |
| campo de control de longitud fija |
00786nam a2200229 i 4500 |
| 001 - NÚMERO DE CONTROL |
| campo de control |
000014141 |
| 003 - IDENTIFICADOR DEL NÚMERO DE CONTROL |
| campo de control |
DO-SdBNP |
| 005 - FECHA Y HORA DE LA ÚLTIMA TRANSACCIÓN |
| campo de control |
20250707113852.0 |
| 008 - DATOS DE LONGITUD FIJA--INFORMACIÓN GENERAL |
| campo de control de longitud fija |
761008s1976 ohua b 001 0 spa |
| 020 ## - NÚMERO INTERNACIONAL ESTÁNDAR DEL LIBRO |
| Número Internacional Estándar del Libro |
0538220600 |
| 040 ## - FUENTE DE LA CATALOGACIÓN |
| Centro catalogador/agencia de origen |
DO-SdBNP |
| Lengua de catalogación |
spa |
| Centro/agencia transcriptor |
BNPHU |
| 100 1# - ENTRADA PRINCIPAL--NOMBRE DE PERSONA |
| Nombre de persona |
González, Antonio J. |
| 9 (RLIN) |
31977 |
| 245 10 - MENCIÓN DE TÍTULO |
| Título |
Tratado moderno de economía general / |
| Mención de responsabilidad, etc. |
Antonio J González, Domingo Felipe Maza Zavala. |
| 250 ## - MENCIÓN DE EDICIÓN |
| Mención de edición |
2a. ed., rev. y ampliada. |
| 260 ## - PUBLICACIÓN, DISTRIBUCIÓN, ETC. |
| Lugar de publicación, distribución, etc. |
Cincinnati : |
| Nombre del editor, distribuidor, etc. |
South-Western Pub. Co., |
| Fecha de publicación, distribución, etc. |
c1976. |
| 300 ## - DESCRIPCIÓN FÍSICA |
| Extensión |
vi, 568 p. : |
| Otras características físicas |
ill. ; |
| Dimensiones |
24 cm. |
| 504 ## - NOTA DE BIBLIOGRAFÍA, ETC. |
| Nota de bibliografía, etc. |
Includes bibliographical references and index. |
| 650 #0 - PUNTO DE ACCESO ADICIONAL DE MATERIA--TÉRMINO DE MATERIA |
| Término de materia o nombre geográfico como elemento de entrada |
Economia |
| 9 (RLIN) |
85383 |
| 700 2# - PUNTO DE ACCESO ADICIONAL--NOMBRE DE PERSONA |
| Nombre de persona |
Maza Zavala, Domingo Felipe, |
| Fechas asociadas al nombre |
1922- , |
| Término indicativo de función/relación |
joint author. |
| 9 (RLIN) |
28872 |
| 910 ## - DATOS DE OPCIÓN DEL USUARIO (OCLC) |
| Datos de opción del usuario |
Catalogación por copia / LC |
| 942 ## - ELEMENTOS DE PUNTO DE ACCESO ADICIONAL (KOHA) |
| Fuente del sistema de clasificación o colocación |
Dewey Decimal Classification |
| Tipo de ítem Koha |
Libro |